| 000 | 00577nam a22002177a 4500 | ||
|---|---|---|---|
| 005 | 20180116153425.0 | ||
| 008 | 180116b xxu||||| |||| 00| 0 spa d | ||
| 041 | _aspa | ||
| 082 | _a1.0.61 L435t | ||
| 100 |
_aLeal, María Micaela _945382 |
||
| 245 | _aTurismo natura turismo cultura | ||
| 260 | _aCosta Rica | ||
| 260 | _bColegio de Arquitectos | ||
| 260 | _c1993 | ||
| 300 | _a89 páginas | ||
| 650 |
_aTURISMO CULTURA _945383 |
||
| 650 |
_aTURISMO NATURAL _9925 |
||
| 650 |
_aPATRIMONIO INTANGIBLE _945384 |
||
| 650 |
_aPATRIMONIO CULTURAL _91074 |
||
| 942 | _cBK | ||
| 999 |
_c10278 _d10278 |
||